000
00279nam a2200121 a 4500
008
100923s1988|||| d
245
1
0
_a
Tajomstvo lóže P-2
100
1
_a
Faragó, Jenö
260
_b
Pravda
_a
Bratislava
_c
1988
020
_c
15
044
_a
xo
_c
SK
041
_a
slo
999
_c
10657
_d
10657